000 05533nkm0a2200541 4500
001 RU\NLR\BIBL_A\022159677
005 20260403202442.0
035 _a(NLR Aleph) 022159677
090 _a13495384
_c13495384
100 _a20260409 rusy50
101 0 _arus
102 _aRU
116 _aiiycxx bf ac
135 _acrcn 024anaba
181 0 _ab4
_bxb2e
182 0 _an
200 1 _aОперные
_iЛ. В. Собинов (оп. "Евгений Онегин")
_eконфекты
_eМ. Конради, С. Петербург
_e[обертка]
203 _aИзображение
_bнеподвижное
_bдвухмерное
_bвизуальное
_cнепосредственное
210 _aС.П.Б. [Санкт-Петербург]
_cЭ. И. Маркус
_d[190-?]
215 _a1 л.
_cхромолитогр.
_d8,9х7,2
316 _aЭкз. РНБ на шифре Э Пр.гр./Э901-1-1, Эаф15182: на паспарту 10,5х7,8 см
_5NLR: Э Пр.гр./Э901-1-1
325 _aКопия доступна в Электрон. б-ке РНБ
327 0 _aЛ. В. Собинов в роли Ленского в опере П. И. Чайковского "Евгений Онегин". Портрет поясной, прямолично
517 1 _aЛ. В. Собинов (оп. "Евгений Онегин")
540 1 _aОперные. Леонид Витальевич Собинов (опера "Евгений Онегин") : конфеты
600 1 _aСобинов
_bЛ. В.
_f1872 - 1934
_gЛеонид Витальевич
_jИзоиздания
_91800633
_3RU\NLR\AUTH\66811186
604 _1700#1$aЧайковский$bП.И.$gПетр Ильич$f1840 - 1893
_1500##$a"Евгений Онегин"$jИзоиздания$2nlr_sh1$2nlr_sh2$3RU\NLR\AUTH\66414099
_aЧайковский, Петр Ильич (1840 - 1893)
_t"Евгений Онегин"
_jИзоиздания
_91065437
_3RU\NLR\AUTH\66414099
606 1 _aУпаковки
_xХудожественное оформление
_yРоссия
_z19 - 20 вв.
_92340120
_3RU\NLR\AUTH\6601622390
606 1 _aКонфеты
_xУпаковка
_92581857
_3RU\NLR\AUTH\6601736797
686 1 _aЩ129.93(2Р=Рус)53
702 1 _4570
_7ca
_8rus
_aСобинов
_bЛ. В.
_f1872-1934
_gЛеонид Витальевич
_92688408
_3RU\NLR\AUTH\770287277
711 0 2 _aШоколадная и конфетная фабрика М. Конради
_cПетербург
_9857566
_3RU\NLR\AUTH\880596142
712 0 0 _4650
_4610
_aМаркус,
_cПетербург
_gЭдуард Исаакович,
_hхромолитография
_9490114
_3RU\NLR\AUTH\880412344
830 _a"Сокращённое название: АКЦИОНЕРНОЕ ОБЩЕСТВО «М. КОНРАДИ» – ФАБРИКА КОНФЕТ И ШОКОЛАДА. ПЕТРОГРАД. 1853–1918. Крайние даты документов: 1916–1918 Историческая справка: Фабрика основана в 1853 году В.М. Конради под фирмой «М. Конради». Первоначально предприятие размещалось в собственном доме владельца на Садовой ул.,109. В 1883 году В.М. Конради приобрел фабрику Азибера по Старо-Петергофскому пр., 20 в Нарвской части, и перевел туда все производство с Садовой улицы. В 1917 году предприятие Конради преобразовано в Акционерное общество «М. Конради». На основании постановления ВСНХ от 27 декабря 1918 г. акционерное общество ликвидировано, его предприятие национализировано и перешло в ведение Главного управления предприятиями кондитерской промышленности": https://spbarchives.ru/infres/-/archive/cgia/1472 (29.07.2023). АЯ ОЭФ
830 _aЛ. В. Собинов: "В апреле 1898 г. впервые исполнил партии Ленского («Евгений Онегин» П. И. Чайковского)": https://bigenc.ru/c/sobinov-leonid-vital-evich-cd0998?fbclid=IwAR3XpSKGJnWsqH0QBld_smgvLB-eq5y7-ylE5iIvxB6xGUyDUjtbkB9ZdGs (07.03.2024). АЯ ОЭФ
830 _aЛ. В. Собинов: "... в Мариинском театре дебютировал в партии Ленского («Евгений Онегин» П. И. Чайковского, 1901)": https://old.bigenc.ru/music/text/3588481 (07.03.2024). АЯ ОЭФ
830 _aГраница датировки в поле 100: 1901 - по дебюту Л. В. Собинова в партии Ленского в Санкт-Петербурге. АЯ ОЭФ
852 0 0 _aNLR
_bЭ
_jПр.гр./Э901-1-1
_mЭаф15182
856 0 _uhttps://vivaldi.nlr.ru/lp500003223/view
856 1 _uhttps://vivaldi.nlr.ru/lp500003223/cover
856 2 _uhttps://vivaldi.nlr.ru/lp500003223/text
942 _cVISUAL
980 _aNB
981 1 7 _a(17) Изографические материалы
_b(17) Промышленная графика